<?xml version="1.0" encoding="UTF-8"?><?xml-stylesheet type="text/xsl" href="static/style.xsl"?><OAI-PMH xmlns="http://www.openarchives.org/OAI/2.0/" xmlns:xsi="http://www.w3.org/2001/XMLSchema-instance" xsi:schemaLocation="http://www.openarchives.org/OAI/2.0/ http://www.openarchives.org/OAI/2.0/OAI-PMH.xsd"><responseDate>2026-04-14T05:52:15Z</responseDate><request verb="GetRecord" identifier="oai:www.recercat.cat:2117/345279" metadataPrefix="marc">https://recercat.cat/oai/request</request><GetRecord><record><header><identifier>oai:recercat.cat:2117/345279</identifier><datestamp>2026-01-16T09:29:12Z</datestamp><setSpec>com_2072_1033</setSpec><setSpec>col_2072_452950</setSpec></header><metadata><record xmlns="http://www.loc.gov/MARC21/slim" xmlns:dcterms="http://purl.org/dc/terms/" xmlns:xsi="http://www.w3.org/2001/XMLSchema-instance" xmlns:doc="http://www.lyncode.com/xoai" xsi:schemaLocation="http://www.loc.gov/MARC21/slim http://www.loc.gov/standards/marcxml/schema/MARC21slim.xsd">
   <leader>00925njm 22002777a 4500</leader>
   <datafield ind2=" " ind1=" " tag="042">
      <subfield code="a">dc</subfield>
   </datafield>
   <datafield ind2=" " ind1=" " tag="720">
      <subfield code="a">Cervià Caballé, Martí</subfield>
      <subfield code="e">author</subfield>
   </datafield>
   <datafield ind2=" " ind1=" " tag="720">
      <subfield code="a">Calveras Augé, Anna M.</subfield>
      <subfield code="e">author</subfield>
   </datafield>
   <datafield ind2=" " ind1=" " tag="720">
      <subfield code="a">Paradells Aspas, Josep</subfield>
      <subfield code="e">author</subfield>
   </datafield>
   <datafield ind2=" " ind1=" " tag="260">
      <subfield code="c">2021-01-01</subfield>
   </datafield>
   <datafield ind2=" " ind1=" " tag="520">
      <subfield code="a">Nowadays, several wireless communication solutions targeted at low-power devices (e.g. sensors, actuators) compete for market dominance. As a consequence, the deployment of the Internet of Things is slowed by fragmentation. However, Cross-Technology Communication (CTC) has appeared as a solution capable of bridging the compatibility gap between non-interoperable devices. In this way, we propose using Wake-up Radio (WuR) to achieve high rate bidirectional CTC, introducing WuR assisted CTC (WuR-CTC). Although WuR was originally proposed to reduce radio power consumption, it provides a secondary communications channel that can be used for high-speed and bidirectional CTC. With WuRCTC, we demonstrate that WuR can lead to interoperability between non-compatible wireless devices, therefore, providing a compelling reason for the harmonization of the nascent WuR specifications. This article presents a WuR-CTC solution implemented on an heterogeneous testbed with IEEE 802.11 and IEEE 802.15.4 devices. The resulting testbed achieves reliable CTC with an effective throughput of 26.7 kbps. Moreover, the addition of WuR to the testbed devices provides energy savings, and, in a clear advantage over traditional duty-cycled solutions, allows devices to asynchronously maintain communications.</subfield>
   </datafield>
   <datafield ind2=" " ind1=" " tag="520">
      <subfield code="a">Postprint (published version)</subfield>
   </datafield>
   <datafield tag="653" ind2=" " ind1=" ">
      <subfield code="a">Àrees temàtiques de la UPC::Enginyeria de la telecomunicació::Telemàtica i xarxes d'ordinadors</subfield>
   </datafield>
   <datafield tag="653" ind2=" " ind1=" ">
      <subfield code="a">Wireless LANs</subfield>
   </datafield>
   <datafield tag="653" ind2=" " ind1=" ">
      <subfield code="a">Personal area networks (Computer networks)</subfield>
   </datafield>
   <datafield tag="653" ind2=" " ind1=" ">
      <subfield code="a">Wireless communication systems</subfield>
   </datafield>
   <datafield tag="653" ind2=" " ind1=" ">
      <subfield code="a">WLAN</subfield>
   </datafield>
   <datafield tag="653" ind2=" " ind1=" ">
      <subfield code="a">IEEE 802.11</subfield>
   </datafield>
   <datafield tag="653" ind2=" " ind1=" ">
      <subfield code="a">WPAN</subfield>
   </datafield>
   <datafield tag="653" ind2=" " ind1=" ">
      <subfield code="a">IEEE 802.15.4</subfield>
   </datafield>
   <datafield tag="653" ind2=" " ind1=" ">
      <subfield code="a">IEEE 802.11ba wake-up radio</subfield>
   </datafield>
   <datafield tag="653" ind2=" " ind1=" ">
      <subfield code="a">Crosstechnology communication</subfield>
   </datafield>
   <datafield tag="653" ind2=" " ind1=" ">
      <subfield code="a">Energy-efficient communication</subfield>
   </datafield>
   <datafield tag="653" ind2=" " ind1=" ">
      <subfield code="a">Xarxes locals sense fil Wi-Fi</subfield>
   </datafield>
   <datafield tag="653" ind2=" " ind1=" ">
      <subfield code="a">Comunicació sense fil, Sistemes de</subfield>
   </datafield>
   <datafield ind2="0" ind1="0" tag="245">
      <subfield code="a">Wake-up radio: an enabler of wireless convergence</subfield>
   </datafield>
</record></metadata></record></GetRecord></OAI-PMH>